Giáo trình kinh tế thủy sản
Giáo trình cung cấp nhũng kiến thức cơ bản nhất về kinh tế ứng dụng cho sinh viên ngành nuôi trồng thủy sản và các chuyên ngành các của Khoa Thủy sản. Nội dung sách gồm năm chương giới thiệu bối cảnh chung của ngành thủy sản, các khái niệm co...
保存先:
| 第一著者: | |
|---|---|
| フォーマット: | 図書 |
| 言語: | Undetermined |
| 出版事項: |
Cần Thơ
Đại học Cần Thơ
2010
|
| 主題: | |
| タグ: |
タグ追加
タグなし, このレコードへの初めてのタグを付けませんか!
|
| Thư viện lưu trữ: | Trung tâm Học liệu Trường Đại học Cần Thơ |
|---|
| LEADER | 01179nam a2200217Ia 4500 | ||
|---|---|---|---|
| 001 | CTU_156040 | ||
| 008 | 210402s9999 xx 000 0 und d | ||
| 020 | |c 31000 | ||
| 082 | |a 338.3713 | ||
| 082 | |b S312 | ||
| 100 | |a Lê, Xuân Sinh | ||
| 245 | 0 | |a Giáo trình kinh tế thủy sản | |
| 245 | 0 | |c Lê Xuân Sinh | |
| 260 | |a Cần Thơ | ||
| 260 | |b Đại học Cần Thơ | ||
| 260 | |c 2010 | ||
| 520 | |a Giáo trình cung cấp nhũng kiến thức cơ bản nhất về kinh tế ứng dụng cho sinh viên ngành nuôi trồng thủy sản và các chuyên ngành các của Khoa Thủy sản. Nội dung sách gồm năm chương giới thiệu bối cảnh chung của ngành thủy sản, các khái niệm cơ bản trong kinh tế và quản lý. chi phí, thu nhập và lợi nhuận, nghiên cứu thị trường trong ngành thủy sản và quản lý rủi ro trong sản xuất kinh doanh. | ||
| 650 | |a Fisheries,Thủy sản | ||
| 650 | |x Economic aspects,Khía cạnh kinh tế | ||
| 904 | |i H.Mai | ||
| 980 | |a Trung tâm Học liệu Trường Đại học Cần Thơ | ||